NZ White Ferns Cricket Quiz - Statistics

General Stats
  • This quiz has been taken 12 times
  • The average score is 10 of 21
Answer Stats
Hint Answer % Correct
How many pairs of sisters have played for the White Ferns? 2
100%
What is the highest number 11 score for the White Ferns in ODI? 20
88%
How many domestic teams are in the women's T20 league? 6
75%
Who is the current White Ferns captain? Amelia Kerr
75%
Which White Fern scored 232* and took a five wicket haul against Ireland in an ODI? Amelia Kerr
75%
When was the first T20 international the White Ferns played? 2004
63%
How many cricket world cups have the White Ferns hosted? 3
63%
Who has captained the most T20 games for the White Ferns? Sophie Devine
63%
Who has scored the most ODI centuries for the White Ferns Suzie Bates
63%
Which city is the New Zealand cricket museum located? Wellington
63%
Has any White Fern scored a century in all formats? No
50%
What is the name of New Zealand’s domestic women’s T20 competition? Super Smash
50%
When did the White Ferns win their fist world cup? 2000
38%
How many Test matches did the White Ferns play? 45
38%
Which White Fern bowler holds the record for the best bowling figures in a T20 international? Amy Satterthwaite
38%
Who was the Wicket Keeper 2000s women's winning world cup squad? Rebecca Rolls
38%
When did the White Ferns play their first cricket game? 1935
13%
Which NZ player has the highest individual score in Women’s Tests? Debbie Hockley
13%
What is the name of New Zealand’s domestic women’s ODI competition? (in abbreviation) HBJ
13%
Who was the player of the match in the 2000s ODI women's world cup? Belinda Clark
0%
Who is the oldest T20 debuton for the White Ferns? Nicola Browne
0%
No matching quizzes found
Score Distribution
Percent of People with Each Score
Percentile by Number Answered
Your Score History
You have not taken this quiz